The Sicilian Mafia : The Business of Private Protection

Αποθηκεύτηκε σε:
Λεπτομέρειες βιβλιογραφικής εγγραφής
Κύριος συγγραφέας: Gambetta, Diego 1952-
Μορφή: Βιβλίο
Γλώσσα:English
Δημοσίευση: Cambridge, London : Harvard University Press, 1993
Θέματα:
Ετικέτες: Προσθήκη ετικέτας
Δεν υπάρχουν, Καταχωρήστε ετικέτα πρώτοι!

MARC

LEADER 00000nam a2200000 i 4500
001 1/37975
008 960115s eng d
020 |a 0-674-80741-3 
035 |l 10024777 
040 |a GR-MY-UA  |b gre  |e aacr 
041 0 |a eng 
082 0 |a 364.10609458 
100 1 |a Gambetta, Diego  |d 1952- 
245 1 4 |a The Sicilian Mafia :  |b The Business of Private Protection /  |c Diego Gambetta 
260 |a Cambridge, London :   |b Harvard University Press,   |c 1993 
300 |a 335 P. 
600 1 0 |a Gambetta Diego  |d 1952- 
650 0 0 |a Mafia  |z Italy  |z Sicily. 
650 0 0 |a Organized crime  |x Economic aspects  |z Italy  |z Sicily. 
852 |a INST  |b CHIOS  |e 19960115  |h 364.10609458 GAM  |p 005200001458  |q 005200001458  |t BK  |y 0 
909 |a Χ  |b 041089